Automobile Engineering Vol-1 (Record no. 4023)

MARC details
000 -LEADER
fixed length control field 00346nam a2200145Ia 4500
008 - FIXED-LENGTH DATA ELEMENTS--GENERAL INFORMATION
fixed length control field 191201s2009 xx 000 0 und d
082 ## - DEWEY DECIMAL CLASSIFICATION NUMBER
Classification number 629.2
Item number GUA
100 ## - MAIN ENTRY--PERSONAL NAME
Personal name GUPTA, K M
245 #0 - TITLE STATEMENT
Title Automobile Engineering Vol-1
250 ## - EDITION STATEMENT
Edition statement Rep
260 ## - PUBLICATION, DISTRIBUTION, ETC. (IMPRINT)
Place of publication, distribution, etc N.Delhi
Name of publisher, distributor, etc Umesh Publications
Date of publication, distribution, etc 2009
300 ## - PHYSICAL DESCRIPTION
Extent 607
650 ## - SUBJECT ADDED ENTRY--TOPICAL TERM
Topical term or geographic name as entry element B.Tech(ME)
942 ## - ADDED ENTRY ELEMENTS (KOHA)
Source of classification or shelving scheme Dewey Decimal Classification
Koha item type Text Books
Holdings
Withdrawn status Lost status Source of classification or shelving scheme Damaged status Not for loan Collection code Home library Current library Date acquired Source of acquisition Cost, normal purchase price Serial Enumeration / chronologySerial Enumeration / Volume No. Bill Number Total Checkouts Full call number Acc. no. / Barcode Date last seen Date last borrowed Bill Date Koha item type
    Dewey Decimal Classification     B.Tech(ME) PIET C-LIBRARY PIET C-LIBRARY 21/07/2009 J B C, New Delhi 240.00 1 SI-1506 1 629.2 NAB 12957 03/03/2022 23/02/2022 14/07/2009 Text Books
    Dewey Decimal Classification     B.Tech(ME) PIET C-LIBRARY PIET C-LIBRARY 21/07/2009 J B C, New Delhi 240.00 1 SI-1506   629.2 NAB 12958 04/12/2019   14/07/2009 Text Books
    Dewey Decimal Classification     B.Tech(ME) PIET C-LIBRARY PIET C-LIBRARY 21/07/2009 J B C, New Delhi 240.00 1 SI-1506 2 629.2 NAB 12959 08/10/2022 08/10/2022 14/07/2009 Text Books
    Dewey Decimal Classification     B.Tech(ME) PIET C-LIBRARY PIET C-LIBRARY 21/07/2009 J B C, New Delhi 240.00 1 SI-1506   629.2 NAB 12960 04/12/2019   14/07/2009 Text Books
    Dewey Decimal Classification     B.Tech(ME) PIET C-LIBRARY PIET C-LIBRARY 21/07/2009 J B C, New Delhi 240.00 1 SI-1506   629.2 NAB 12961 04/12/2019   14/07/2009 Text Books

Design & Developed by: PIET Central Library
R70 Miles Stone Pattikalyana Samalkha Panipat 132102
mail ID :- [email protected], Phone No:- 0180-2569700 Ex.216